Recipe for great teaching : 11 essential ingredients (Record no. 1355)
| 000 -LEADER | |
|---|---|
| fixed length control field | 00936nam a22002057a 4500 |
| 003 - CONTROL NUMBER IDENTIFIER | |
| control field | OSt |
| 005 - DATE AND TIME OF LATEST TRANSACTION | |
| control field | 20140901121853.0 |
| 008 - FIXED-LENGTH DATA ELEMENTS--GENERAL INFORMATION | |
| fixed length control field | 140901b xxu||||| |||| 00| 0 eng d |
| 020 ## - INTERNATIONAL STANDARD BOOK NUMBER | |
| International Standard Book Number | 9780761939979 |
| 050 ## - LIBRARY OF CONGRESS CALL NUMBER | |
| Classification number | LB1025.3 .M68 2007 |
| 100 ## - MAIN ENTRY--PERSONAL NAME | |
| Personal name | Moultrie Turner, Anita. |
| 245 ## - TITLE STATEMENT | |
| Title | Recipe for great teaching : 11 essential ingredients |
| Statement of responsibility, etc | Anita Moultrie Turner ; foreword by Andrea Maxie. |
| 260 ## - PUBLICATION, DISTRIBUTION, ETC. (IMPRINT) | |
| Place of publication, distribution, etc | Thousand Oaks, CA |
| Name of publisher, distributor, etc | Corwin Press |
| Date of publication, distribution, etc | 2007 |
| 300 ## - PHYSICAL DESCRIPTION | |
| Extent | xv, 120 p. |
| Other physical details | ill. |
| Dimensions | 23 cm. |
| 504 ## - BIBLIOGRAPHY, ETC. NOTE | |
| Bibliography, etc | Includes bibliographical references (p. 113-116) and index. |
| 505 ## - FORMATTED CONTENTS NOTE | |
| Formatted contents note | Table of contents only http://www.loc.gov/catdir/enhancements/fy0658/2006016033-t.html<br/> <br/> |
| Miscellaneous information | Contributor biographical information http://www.loc.gov/catdir/enhancements/fy0734/2006016033-b.html<br/> Publisher description http://www.loc.gov/catdir/enhancements/fy0658/2006016033-d.html |
| 650 ## - SUBJECT ADDED ENTRY--TOPICAL TERM | |
| Topical term or geographic name as entry element | Teaching. |
| 650 ## - SUBJECT ADDED ENTRY--TOPICAL TERM | |
| Topical term or geographic name as entry element | Teachers. |
| 942 ## - ADDED ENTRY ELEMENTS (KOHA) | |
| Source of classification or shelving scheme | |
| Koha item type | Book |
| Withdrawn status | Lost status | Source of classification or shelving scheme | Damaged status | Not for loan | Home library | Current library | Date acquired | Total Checkouts | Full call number | Barcode | Date last seen | Date checked out | Copy number | Price effective from | Koha item type |
|---|---|---|---|---|---|---|---|---|---|---|---|---|---|---|---|
| Riara University Library | Riara University Library | 01/09/2014 | 1 | LB1025.3 .M68 2007 | 4805/14 | 16/09/2017 | 15/07/2017 | C.1 | 01/09/2014 | Book | |||||
| Riara University Library | Riara University Library | 01/09/2014 | LB1025.3 .M68 2007 | 4806/14 | 01/09/2014 | C.2 | 01/09/2014 | Book | |||||||
| Riara University Library | Riara University Library | 01/09/2014 | 1 | LB1025.3 .M68 2007 | 4807/14 | 04/12/2014 | 18/11/2014 | C.3 | 01/09/2014 | Book |
